000
00370nam a22001577a 4500
003
MPLRDC
005
20220104123512.0
008
210129b ||||| |||| 00| 0 eng d
082
_a
220.7 SYJS
100
_a
山隐居士编著
245
_a
导灵法漫谈
_c
260
_a
_b
青山出版社
_c
300
_b
平
650
_a
佛教杂论
942
_c
BK
_o
220.7 SYJS
999
_c
11938
_d
11928